00254nam a2200109Ia 4500008004100000100001600041245001400057260001700071650003200088942000700120999001700127190216s9999||||xx |||||||||||||| ||und|| aKesavadev P 0aAdhikaram bNbs Kottayam aMalayalam-Malayalam Nadakam cBK c24780d24780